| 000 | 01234nam a2200277 i 4500 | ||
|---|---|---|---|
| 003 | EG-ScBUE | ||
| 005 | 20231115102308.0 | ||
| 008 | 110725s1988 ua a af b 000 0 ara d | ||
| 017 | _a1988 / 5866 | ||
| 040 |
_aEG-ScBUE _bara _erda _cEG-ScBUE _dEG-ScBUE |
||
| 043 | _aar----- | ||
| 082 | 0 | 4 |
_222 _a915.3 _bم ت و |
| 100 | 1 |
_926416 _aمتولي، محمد، _eمؤلف. |
|
| 245 | 1 | 0 |
_aجغرافية شبه جزيرة العرب. _nالجزء الثالث. _pجغرافية اليمن الشمالي / _cتأليف الدكتور محمد متولي، جامعة القاهرة، الدكتور محمود أبو العلا، جامعة الأزهر. |
| 250 | _aالطبعة الثالثة. | ||
| 264 | 1 |
_aالقاهرة : _bمكتبة الأنجلو المصرية، _c1988. |
|
| 300 |
_a364 صفحة : _bإيضاحيات ؛ _c22 سم |
||
| 336 |
_2rdacontent _aنص _btxt |
||
| 337 |
_aبدون وسيط _2rdamedia _bn |
||
| 338 |
_aمجلد _bnc _2rdacarrier |
||
| 504 | _aيشتمل على إرجاعات ببليوجرافية. | ||
| 651 | 7 |
_926417 _aشبه الجزيرة العربية _xجغرافيا. _2BUEsh |
|
| 655 | _vReading book | ||
| 700 | 1 |
_926418 _aأبو العلا، محمود، _eمؤلف. |
|
| 942 |
_2ddc _cBB |
||
| 999 |
_c15733 _d15733 |
||